Missing Word: Charles Quiz Stats

 Plays Quiz Updated Oct 26, 2015

Challenge
Share
Tweet
Embed
Score 0/16 Timer 03:00
0 Plays Today
Hint Word % Correct
Charles Dickens
novels
Twist
98.3%
Charles Dickens
novels
Great
98.2%
Charles Dickens
novels
Cities
97.8%
Ray Charles
songs
Stop
96.6%
Ray Charles
songs
Jack
94.4%
Charles Bronson
movies
Dirty
92.1%
Charles Bronson
movies
Seven
90.8%
Ray Charles
songs
Heart
87.5%
Hint Word % Correct
Ray Charles
songs
Georgia
81.4%
Charles Barkley
teams
Suns
78.8%
Charles Barkley
teams
Philadelphia
75.1%
Charles Barkley
teams
Houston
72.6%
Charles Bronson
movies
Death
72%
Charles Bronson
movies
Escape
63.2%
Charles Dickens
novels
Bleak
52.6%
Charles Barkley
teams
Tigers
45.4%

Today's Daily Dose

You're not logged in!

Compare scores with friends on all Sporcle quizzes.
Join for Free
OR
Log In

You Might Also Like...

Show Comments

Extras

Top Quizzes Today


Score Distribution

Your Account Isn't Verified!

In order to create a playlist on Sporcle, you need to verify the email address you used during registration. Go to your Sporcle Settings to finish the process.

Report this User

Report this user for behavior that violates our Community Guidelines.

Details: